[Event "SVK-chT2B 2223"]
[Site "Slovakia"]
[Date "2022.11.26"]
[Round "5.5"]
[White "Berek, Geza"]
[Black "Beres, Dominik"]
[Result "0-1"]
[WhiteElo "2159"]
[BlackElo "2023"]
[PlyCount "96"]
[EventDate "2022.10.08"]
[EventType "team-tourn"]
[EventRounds "11"]
[EventCountry "SVK"]
[SourceTitle "EXT 2024"]
[Source "ChessBase"]
[SourceDate "2023.10.10"]
[SourceVersion "1"]
[SourceVersionDate "2023.10.10"]
[SourceQuality "1"]
[WhiteTeam "Levice II"]
[BlackTeam "Tlmace"]
[WhiteTeamCountry "SVK"]
[BlackTeamCountry "SVK"]

1. e4 e5 2. Nf3 Nc6 3. d4 exd4 4. Nxd4 Bc5 5. Nxc6 bxc6 6. Bd3 Nf6 7. 0-0 0-0 8. Bg5 h6 9. Bh4 d6 10. h3 g5 11. Bg3 g4 12. hxg4 Bxg4 13. Be2 Nh5 14. Bh2 Bxe2 15. Qxe2 Qg5 16. Kh1 Rae8 17. Nc3 f5 18. Qd3 f4 19. Na4 Re5 20. c3 Nf6 21. Nxc5 dxc5 22. g3 Qh5 23. gxf4 Rxe4 24. Rae1 Ng4 25. Qg3 Rexf4 26. f3 Rxf3 27. Rxf3 Rxf3 28. Re8+ Kg7 29. Re7+ Kf6 30. Qxf3+ Kxe7 31. Qe4+ Kf8 32. Qf4+ Kg8 33. Qxc7 Qd5+ 34. Kg1 Qd1+ 35. Kg2 Qe2+ 36. Kh3 Qxh2+ 37. Qxh2 Nxh2 38. Kxh2 Kf7 39. Kg3 Ke6 40. Kf4 Kd5 41. b3 c4 42. b4 h5 43. a4 h4 44. Kf3 h3 45. b5 cxb5 46. axb5 h2 47. Kg2 Ke4 48. Kxh2 Kd3 0-1

[Event "SVK-chT2B 2122"]
[Site "Slovakia"]
[Date "2022.03.06"]
[Round "6.1"]
[White "Skreno, Vladimir"]
[Black "Berek, Geza"]
[Result "1-0"]
[WhiteElo "2101"]
[BlackElo "2185"]
[PlyCount "201"]
[EventDate "2021.10.16"]
[EventType "team-tourn"]
[EventRounds "11"]
[EventCountry "SVK"]
[SourceTitle "EXT 2023"]
[Source "ChessBase"]
[SourceDate "2022.10.05"]
[SourceVersion "1"]
[SourceVersionDate "2022.10.05"]
[SourceQuality "1"]
[WhiteTeam "Tlmace"]
[BlackTeam "Levice II"]
[WhiteTeamCountry "SVK"]
[BlackTeamCountry "SVK"]

1. d4 g6 2. c4 Bg7 3. Nc3 d6 4. e4 Nf6 5. Be2 0-0 6. Nf3 e5 7. 0-0 Nc6 8. d5 Ne7 9. Ne1 Nd7 10. f3 f5 11. g4 Nf6 12. Nd3 Kh8 13. Kg2 c6 14. Nf2 b6 15. Bd2 Bb7 16. h3 Rc8 17. Rc1 a6 18. a4 Ba8 19. Bd3 b5 20. b3 b4 21. Ne2 a5 22. Qe1 Qd7 23. dxc6 Bxc6 24. Rd1 Qb7 25. Nc1 Nd7 26. Bg5 Bf6 27. h4 Nc5 28. Bc2 Bxg5 29. hxg5 Rcd8 30. Rh1 Ne6 31. Qd2 Nf4+ 32. Kg3 Rf7 33. Ne2 Ne6 34. exf5 gxf5 35. g6 Nxg6 36. Bxf5 Nef4 37. Ne4 Nxe2+ 38. Qxe2 Nf4 39. Qh2 Bxe4 40. Bxe4 Qe7 41. Qh4 Ne2+ 42. Kg2 Qxh4 43. Rxh4 Nc3 44. Re1 Rdf8 45. Rh3 Nxe4 46. Rxe4 Rf4 47. Rxf4 Rxf4 48. Kf2 Rd4 49. Ke2 Kg7 50. Rh5 Kg6 51. Rf5 Kg7 52. c5 dxc5 53. Rxe5 c4 54. bxc4 Rxc4 55. Rxa5 b3 56. Rb5 Rxa4 57. Rxb3 Kg6 58. Rb5 Ra3 59. Kf2 Rc3 60. Kg3 Ra3 61. Re5 Rb3 62. Rf5 Ra3 63. Kh4 Ra1 64. Rb5 Rh1+ 65. Kg3 Rg1+ 66. Kf4 Ra1 67. Rb6+ Kg7 68. Kg5 Ra5+ 69. Kh4 Ra4 70. Re6 Rb4 71. Re4 Rb1 72. Rc4 Ra1 73. g5 Rb1 74. Kh5 Rh1+ 75. Kg4 Ra1 76. Rc5 Kg6 77. Rc6+ Kg7 78. f4 Ra4 79. Re6 Rb4 80. Kf5 Rb5+ 81. Re5 Rb7 82. Rd5 Ra7 83. Rd4 Ra5+ 84. Kg4 Rb5 85. Rd7+ Kg8 86. Re7 Ra5 87. f5 Ra4+ 88. Kh5 Ra1 89. Rc7 Rh1+ 90. Kg4 Ra1 91. Re7 Ra4+ 92. Kh5 Ra1 93. f6 Ra4 94. Re8+ Kf7 95. Rh8 Ra1 96. Rxh7+ Kg8 97. Re7 Rb1 98. Kg6 Rb8 99. Rg7+ Kh8 100. Rh7+ Kg8 101. f7+ 1-0

[Event "Levice Toth Memorial"]
[Site "Levice"]
[Date "2019.08.03"]
[Round "5"]
[White "Farkas, Gabor"]
[Black "Berek, Geza"]
[Result "1-0"]
[WhiteElo "2345"]
[BlackElo "2163"]
[PlyCount "109"]
[EventDate "2019.08.01"]
[EventType "swiss"]
[EventRounds "7"]
[EventCountry "SVK"]
[SourceTitle "EXT 2020"]
[Source "ChessBase"]
[SourceDate "2019.10.17"]
[SourceVersion "1"]
[SourceVersionDate "2019.10.17"]
[SourceQuality "1"]

1. e4 g6 2. d4 Bg7 3. Nc3 d6 4. Be3 a6 5. Qd2 b5 6. h4 h5 7. Nh3 Bxh3 8. Rxh3 c6 9. 0-0-0 Nd7 10. f4 Nh6 11. e5 d5 12. Bd3 e6 13. Kb1 Bf8 14. Re1 Be7 15. g3 Qa5 16. Ne4 Qxd2 17. Nxd2 0-0-0 18. Nf3 Kb7 19. Ng5 Bxg5 20. hxg5 Nf5 21. Bf2 Ng7 22. b3 Nb6 23. Rc1 Nf5 24. Rh2 Kb8 25. Rch1 Ng7 26. Be1 Nc8 27. Bb4 Rde8 28. c4 Ne7 29. cxb5 cxb5 30. Rc2 Nef5 31. Bc5 Kb7 32. a4 Nxg3 33. Rh3 N7f5 34. axb5 axb5 35. Bxb5 Rc8 36. Bd3 h4 37. b4 Ne3 38. Ra2 Ra8 39. Rxa8 Kxa8 40. Ba6 Ng2 41. b5 Nxf4 42. Rh2 Ne4 43. b6 h3 44. Kb2 Rh5 45. Rc2 Nxc5 46. Rxc5 Nd3+ 47. Bxd3 h2 48. Ba6 Rh8 49. b7+ Ka7 50. Rc8 h1Q 51. b8Q+ Kxa6 52. Rc6+ Ka5 53. Qc7+ Kb5 54. Rc5+ Kb4 55. Qa5# 1-0

[Event "SVK-chT1W 1819"]
[Site "Slovakia"]
[Date "2019.03.16"]
[Round "10.2"]
[White "Berek, Geza"]
[Black "Jablonicky, Martin"]
[Result "0-1"]
[WhiteElo "2167"]
[BlackElo "2307"]
[PlyCount "150"]
[EventDate "2018.10.27"]
[EventType "team-tourn"]
[EventRounds "11"]
[EventCountry "SVK"]
[SourceTitle "CBM 189 Extra"]
[Source "ChessBase"]
[SourceDate "2019.06.03"]
[SourceVersion "1"]
[SourceVersionDate "2019.06.03"]
[SourceQuality "1"]
[WhiteTeam "Batorove Kosihy"]
[BlackTeam "Trnava Sered"]
[WhiteTeamCountry "SVK"]
[BlackTeamCountry "SVK"]

1. e4 c5 2. Nf3 d6 3. d4 cxd4 4. Nxd4 Nf6 5. Nc3 g6 6. Be3 Bg7 7. f3 0-0 8. Qd2 Nc6 9. Bc4 Bd7 10. Bb3 Rc8 11. 0-0-0 Ne5 12. Kb1 Nc4 13. Bxc4 Rxc4 14. g4 b5 15. b3 b4 16. bxc4 bxc3 17. Qxc3 Qc7 18. g5 Nh5 19. Ka1 Be5 20. Rb1 Nf4 21. Rb2 Rc8 22. Rhb1 Be6 23. Rb5 Ne2 24. Qb2 Qxc4 25. Rxe5 dxe5 26. Nxe6 Qxe6 27. c3 Nxc3 28. Rc1 Na4 29. Rxc8+ Qxc8 30. Qxe5 a6 31. a3 Qc3+ 32. Qxc3 Nxc3 33. Bd4 Ne2 34. Be3 Nc3 35. Bd4 Nb5 36. Bc5 Kf8 37. Kb2 Ke8 38. Kb3 Kd7 39. Kb4 e6 40. a4 Nc7 41. Bb6 Ne8 42. Ka5 Nd6 43. Kxa6 Kc6 44. Bd4 Nc4 45. f4 Nd2 46. e5 Nf3 47. Bf2 Nxh2 48. Ka5 Ng4 49. Bg1 h5 50. gxh6 Nxh6 51. Kb4 Ng8 52. a5 Ne7 53. Kc4 Nd5 54. Bh2 f6 55. Bg1 fxe5 56. fxe5 g5 57. a6 g4 58. a7 Kb7 59. Kd3 Nf4+ 60. Kc4 Ng6 61. Bd4 Ne7 62. Bg1 Nc6 63. Bh2 Ne7 64. Bg1 Ng6 65. Bh2 Nh4 66. Bg3 Nf5 67. Bf2 g3 68. Bb6 g2 69. Kd3 Kxb6 70. a8Q g1Q 71. Qd8+ Kc6 72. Qa8+ Kc7 73. Qa5+ Qb6 74. Qc3+ Kd7 75. Ke2 Qd4 0-1

[Event "SVK-chT2B 1819"]
[Site "Slovakia"]
[Date "2018.10.13"]
[Round "1.1"]
[White "Berek, Geza"]
[Black "Bombek, Peter"]
[Result "1/2-1/2"]
[WhiteElo "2220"]
[BlackElo "2226"]
[PlyCount "54"]
[EventDate "2018.10.13"]
[EventType "team-tourn"]
[EventRounds "11"]
[EventCountry "SVK"]
[SourceTitle "CBM 187 Extra"]
[Source "ChessBase"]
[SourceDate "2018.11.04"]
[SourceVersion "1"]
[SourceVersionDate "2018.11.04"]
[SourceQuality "1"]
[WhiteTeam "Batorove Kosihy II"]
[BlackTeam "Povazske Podhradie"]
[WhiteTeamCountry "SVK"]
[BlackTeamCountry "SVK"]

1. e4 e6 2. d4 d5 3. Nd2 Be7 4. c3 c5 5. dxc5 Bxc5 6. Bd3 Nf6 7. Qe2 Nc6 8. Ngf3 Qc7 9. 0-0 b6 10. e5 Ng4 11. b4 Be7 12. Re1 f6 13. exf6 Bxf6 14. Bb2 0-0 15. h3 Nge5 16. Nxe5 Nxe5 17. Bc2 Bd7 18. Bb3 a5 19. a4 Rac8 20. b5 Rf7 21. Rac1 Bg5 22. Rcd1 Bxd2 23. Rxd2 Nc4 24. Bxc4 Qxc4 25. Rd4 Qb3 26. Ra1 e5 27. Rd2 Rcf8 1/2-1/2

[Event "SVK-chT2B 1718"]
[Site "Slovakia"]
[Date "2018.02.04"]
[Round "7.2"]
[White "Lecky, Juraj"]
[Black "Berek, Geza"]
[Result "0-1"]
[WhiteElo "2067"]
[BlackElo "2224"]
[PlyCount "44"]
[EventDate "2017.10.28"]
[EventType "team-tourn"]
[EventRounds "11"]
[EventCountry "SVK"]
[SourceTitle "EXT 2019"]
[Source "ChessBase"]
[SourceDate "2018.10.10"]
[SourceVersion "1"]
[SourceVersionDate "2018.10.10"]
[SourceQuality "1"]
[WhiteTeam "Levice"]
[BlackTeam "Batorove Kosihy"]
[WhiteTeamCountry "SVK"]
[BlackTeamCountry "SVK"]

1. d4 g6 2. Bf4 Bg7 3. Nc3 d6 4. e4 a6 5. Qd2 b5 6. 0-0-0 Bb7 7. f3 Nd7 8. h4 h5 9. Nh3 c5 10. dxc5 Nxc5 11. Be3 Rc8 12. Kb1 Qc7 13. Nf4 Nf6 14. Ncd5 Nxd5 15. exd5 Na4 16. c3 Bxc3 17. bxc3 Nxc3+ 18. Ka1 Nxd1 19. Bxb5+ axb5 20. Rxd1 0-0 21. Bd4 Qc2 22. Qe1 Ra8 0-1

[Event "SVK-chT2B 1718"]
[Site "Slovakia"]
[Date "2017.11.25"]
[Round "3.2"]
[White "Kaniansky, Miroslav"]
[Black "Berek, Geza"]
[Result "1/2-1/2"]
[WhiteElo "2127"]
[BlackElo "2224"]
[PlyCount "81"]
[EventDate "2017.10.28"]
[EventType "team-tourn"]
[EventRounds "11"]
[EventCountry "SVK"]
[SourceTitle "CBM 181 Extra"]
[Source "ChessBase"]
[SourceDate "2017.12.12"]
[SourceVersion "1"]
[SourceVersionDate "2017.12.12"]
[SourceQuality "1"]
[WhiteTeam "Prievidza"]
[BlackTeam "Batorove Kosihy"]
[WhiteTeamCountry "SVK"]
[BlackTeamCountry "SVK"]

1. d4 g6 2. Nf3 Bg7 3. c4 Nf6 4. Nc3 d6 5. e4 0-0 6. Be2 e5 7. d5 a5 8. Bg5 h6 9. Bh4 Na6 10. Nd2 Qe8 11. a3 Bd7 12. b3 Nh7 13. Rb1 h5 14. f3 Bh6 15. Bf2 Qe7 16. b4 axb4 17. axb4 h4 18. Qc2 Bf4 19. Nf1 Kg7 20. g3 hxg3 21. hxg3 Bg5 22. Bd3 Nf6 23. Be3 Bxe3 24. Nxe3 Rh8 25. Qg2 Rxh1+ 26. Qxh1 Nh5 27. Ne2 Qg5 28. Qg1 f5 29. exf5 gxf5 30. g4 fxg4 31. fxg4 Nf4 32. Bf5 Bxf5 33. Nxf5+ Kg6 34. Qg3 Nxe2 35. Kxe2 Nxb4 36. Nh4+ Kh7 37. Nf3 Ra2+ 38. Kf1 Qe3 39. Qh4+ Kg7 40. Qe7+ Kg8 41. Qe8+ 1/2-1/2